| 000 | 00640nab a2200193 a 4500 | ||
|---|---|---|---|
| 005 | 20210223132208.0 | ||
| 008 | 991125s1985 mx 000 0 spa u | ||
| 035 | _aUPN01000193417 | ||
| 100 | 1 |
_aGarcía Galván, Shélick Erika _940995 |
|
| 222 | _aPLANEACION Y EVALUACION EDUCATIVA | ||
| 245 | _aEl aprendizaje acelerado y la teoría de las inteligencias múltiples : perspectivas dirigidas a la reforma educativa | ||
| 260 | _aMéxico | ||
| 300 | _a3-6 | ||
| 362 | 0 | _a2004, Vol. 11, no. 31 (ago.) | |
| 653 | 0 | _aINTELIGENCIAS MULTIPLES | |
| 653 | 0 | _aFISIOLOGIA DEL CEREBRO | |
| 653 | 0 | _aAPRENDIZAJE ACELERADO | |
| 905 | _aArticulo | ||
| 999 |
_c165518 _d165518 |
||